MARC details
| 000 -CABECERA |
| campo de control de longitud fija |
03925nam a2200361Ia 4500 |
| 001 - NÚMERO DE CONTROL |
| campo de control |
dia_7453 |
| 003 - IDENTIFICADOR DEL NÚMERO DE CONTROL |
| campo de control |
CHAP |
| 005 - FECHA Y HORA DE LA ÚLTIMA TRANSACCIÓN |
| campo de control |
20240620183656.0 |
| 008 - DATOS DE LONGITUD FIJA--INFORMACIÓN GENERAL |
| campo de control de longitud fija |
220117s2006 xx 000 0 und d |
| 010 ## - NÚMERO DE CONTROL DE LA BIBLIOTECA DEL CONGRESO |
| Número de control de LC |
179069 |
| 040 ## - FUENTE DE LA CATALOGACIÓN |
| Centro/agencia transcriptor |
CHAP |
| 082 ## - NÚMERO DE LA CLASIFICACIÓN DECIMAL DEWEY |
| Número de clasificación |
M 342.0872026972 |
| Número de documento/Ítem |
M49 2006 |
| 110 ## - ENTRADA PRINCIPAL--NOMBRE DE ENTIDAD CORPORATIVA |
| Nombre de entidad corporativa o nombre de jurisdicción como elemento de entrada |
México. Instituto Nacional de Lenguas Indígenas |
| 9 (RLIN) |
142363 |
| 245 ## - MENCIÓN DE TÍTULO |
| Título |
Presentación de la Ley General de Derechos Lingüísticos de los Pueblos Indígenas [recurso electrónico] / |
| Mención de responsabilidad, etc. |
INALI |
| 246 ## - FORMA VARIANTE DE TÍTULO |
| Título propio/Titulo breve |
Ley General de Derechos Lingüistícos de los Pueblos Indígenas |
| 260 ## - PUBLICACIÓN, DISTRIBUCIÓN, ETC. |
| Lugar de publicación, distribución, etc. |
México : |
| Nombre del editor, distribuidor, etc. |
INALI : |
| -- |
SEP, |
| Fecha de publicación, distribución, etc. |
2006 |
| 300 ## - DESCRIPCIÓN FÍSICA |
| Extensión |
24 CD-ROM / son. |
| 490 ## - MENCIÓN DE SERIE |
| Mención de serie |
Primera serie |
| 500 ## - NOTA GENERAL |
| Nota general |
La biblioteca tiene los CD-ROMs 1, 2, 3, 4, 5, 7, 10, 15, 18, 19, 21 y 23 \ (Cada CD-ROM) Grabación sonora de la traducción de la Ley General de Derechos Lingüistícos de los Pueblos Indígenas en una lengua indígena diferente \ Texto en español de la Ley General de Derechos Lingüistícos de los Pueblos Indígenas |
| 503 ## - NOTA DE HISTORIA BIBLIOGRÁFICA (BK CF MU) [OBSOLETO] |
| Nota de historia bibliográfica |
D. |
| 505 ## - NOTA DE CONTENIDO CON FORMATO |
| Nota de contenido con formato |
CD-ROM Lengua: Ayuujk, de San Pedro y San Pablo Ayutla Mixe, Oaxaca / traducción y voz Yásnaya Aguilar Gil \ CD-ROM 2. Lengua: Bats'i k'op (Tsotsil), de Huixtán, Chaipas / traducción y voz Pedro Pérez Martínez \ CD-ROM 3. Lengua: Bats'i k'op (Tseltal), de Oxchuc, Chiapas / traducción y voz Rogelio Gómez Gómez \ CD-ROM 4. Lengua: Bats'i k'op (Tseltal), de Tenejapa, Chiapas / traducción y voz Alfredo Zapata Guzmán \ CD-ROM 5. Lengua: Diidxazá, de Juchitán de Zaragoza, Oaxaca / traducción y voz Tomás Villalobos Aquino \ CD-ROM 6. Lengua: Jñon'ndaa, de Xochistlahuaca, Guerrero \ CD-ROM 7. Lengua: Chól, de Tila, Chiapas / traducción y voz Enrique Jiménez Jiménez \ CD-ROM 8. Lengua: Me'phaa, de Pozolapa, Acatepec, Guerrero \ CD-ROM 9. Lengua: Náhuatl, de Hueyapan, Tetela del Volcán, Morelos \ CD-ROM 10. Lengua: Náhuatl, de Axtla de Terrazas, San Luis Potosí / traducción y voz Jaime Mercado Loredo \ CD-ROM 1Lengua: Náhuatl, de Rafael Delgado, Veracruz \ CD-ROM 12. Lengua: Náhuatl, de Tetelilla, Tuzamapan de Galeana, Puebla \ CD-ROM 13. Lengua: Náhuatl, de Atlahuilco, Veracruz \ CD-ROM 14. Lengua: Náhuatl, de Xalitla, Tepecoacuilco de Trujano, Guerrero \ CD-ROM 15. Lengua: Ombeayiüts, de San Mateo del Mar, Oaxaca / traducción y voz Constantino Canales Gijón \ CD-ROM 16. Lengua: P'uerepecha, de San Antonio Tierras Blancas, Los Reyes, Michoacán \ CD-ROM 17. Lengua: Se'en svai, de Pinotepa Nacional, Oaxaca \ CD-ROM 18. Lengua: Tének, de Tanlajás, San Luis Potosí / traducción y voz Jacinto Gómez Ramírez \ CD-ROM 19. Lengua: Tnaj tnïj, de Putla Villa de Guerrero, Oaxaca / traducción y voz Zósimo Ortega González \ CD-ROM 20. Lengua: Tojol ab'al, de las Cruces, Las Margaritas, Chiapas \ CD-ROM 2Lengua: Tu'un savi, de Cuanacaxtitlán, San Luis Acatlán, Guerrero / traducción y voz Gaudencio Sirenio Pioquinto \ CD-ROM 22. Lengua: Úza', de San Luis de la Paz, Guanajuato \ CD-ROM 23. Lengua: Yoko t'an, de Tapotzingo, Nacajuca, Tabasco / traducción y voz Domingo Alejandro Luciano \ CD-ROM 24. Lengua: Yoreme, de Etchojoa, Sonora |
| 521 ## - NOTA DE PÚBLICO DESTINATARIO |
| Nota de público destinatario |
Destinado para personas de comunidades indígenas |
| 530 ## - NOTA DE FORMATO FÍSICO ADICIONAL DISPONIBLE |
| Nota de formato físico adicional disponible |
Versión en línea en el sitio de INALI \ https://www.inali.gob.mx/es/difusion/presentacion-de-la-ley-general-de-derechos-linguisticos-de-los-pueblos-indigenas.html |
| 538 ## - NOTA DE DETALLES DEL SISTEMA |
| Nota de detalles del sistema |
Para sistemas operativos PC y MAC |
| 650 ## - PUNTO DE ACCESO ADICIONAL DE MATERIA--TÉRMINO DE MATERIA |
| Término de materia o nombre geográfico como elemento de entrada |
Indians of Mexico |
| Subdivisión general |
Languages |
| -- |
Law and legislation |
| 9 (RLIN) |
163042 |
| 650 ## - PUNTO DE ACCESO ADICIONAL DE MATERIA--TÉRMINO DE MATERIA |
| Término de materia o nombre geográfico como elemento de entrada |
Indios de México |
| Subdivisión general |
Lenguas |
| -- |
Leyes y legislación |
| 9 (RLIN) |
163043 |
| 651 ## - PUNTO DE ACCESO ADICIONAL DE MATERIA--NOMBRE GEOGRÁFICO |
| Nombre geográfico |
2. México - Lenguas - Leyes y legislación \ 4. Mexico - Languages - Law and legislation |
| 9 (RLIN) |
163044 |
| 710 ## - PUNTO DE ACCESO ADICIONAL--NOMBRE DE ENTIDAD CORPORATIVA |
| Nombre de entidad corporativa o nombre de jurisdicción como elemento de entrada |
Instituto Nacional de Lenguas Indígenas (México) |
| 9 (RLIN) |
59382 |
| 901 ## - ELEMENTOS DE DATOS A LOCAL LDA (RLIN) |
| a |
M 342.0872026972 M49 2006 |
| 902 ## - ELEMENTOS DE DATOS B LOCAL, LDB (RLIN) |
| a |
M |
| 905 ## - ELEMENTOS DE DATOS E LOCAL, LDE (RLIN) |
| a |
5222272006 mx l 9915223322cai16 |
| 942 ## - ELEMENTOS DE PUNTO DE ACCESO ADICIONAL (KOHA) |
| Tipo de ítem Koha |
CD |
| Fuente del sistema de clasificación o colocación |
Dewey Decimal Classification |